00411nam a2200133 4500008004100000020001800041082001800059100002200077245006400099260003700163300003400200650001600234700002700250231222b |||||||| |||| 00| 0 eng d a9789555335300 a616.9362bFER aFernando, Punsiri a100 years of Malaria control efforts in Sri Lanka 1911-2011 a[n.s.]:b[M&S associates],c2011 a123 p.bBibliography included aMALARIOLOGY aWarusavithana, Supriya